00241nam a2200097Ia 4500008004100000041000800041082001200049100001300061245004400074260002500118231212s1984 xx 000 0 und d aeng a621.381 aLad J.D. aPetlele Partantrya & Dhumste Swatantrya aDelhibTata Mcc1984